Gender in human rights and Transitional justice (Record no. 25553)
[ view plain ]
| 000 -LEADER | |
|---|---|
| fixed length control field | 01548nam a22001937a 4500 |
| 020 ## - INTERNATIONAL STANDARD BOOK NUMBER | |
| ISBN | 9783319542010 |
| 082 ## - DEWEY DECIMAL CLASSIFICATION NUMBER | |
| Classification number | 320.01 |
| Item number | GEN- |
| 245 ## - TITLE STATEMENT | |
| Title | Gender in human rights and Transitional justice |
| 260 ## - PUBLICATION, DISTRIBUTION, ETC. (IMPRINT) | |
| Place of publication | Cham |
| Name of publisher | Palgrave Macmillan |
| Year of publication | 2018 |
| 300 ## - PHYSICAL DESCRIPTION | |
| Number of Pages | xix, 272p. |
| 440 ## - SERIES STATEMENT/ADDED ENTRY--TITLE | |
| Title | Crossing boundaries of gender and politics in the global south |
| 504 ## - BIBLIOGRAPHY, ETC. NOTE | |
| Bibliography, etc | Include Index |
| 520 ## - SUMMARY, ETC. | |
| Summary, etc | This volume counters one-sided dominant discursive representations of gender in human rights and transitional justice, and women's place in the transformations of neoliberal human rights, and contributes a more balanced examination of how transitional justice and human rights institutions and political institutions impact the lives and experiences of women. Using a multidisciplinary approach, the contributors to this volume theorize and historicize the place of women's rights (and gender), situating it within contemporary country-specific political, legal, socio-cultural and global contexts. Chapters examine the progress and challenges facing women (and women's groups) in transitioning countries: from Peru to Argentina, from Kenya to Sierra Leone, and from Bosnia to Sri Lanka, in a variety of contexts, attending especially to the relationships between local and global forces. |
| 546 ## - LANGUAGE NOTE | |
| Language note | <br/><br/><br/><br/> |
| 650 ## - SUBJECT ADDED ENTRY--TOPICAL TERM | |
| Topical Term | Transitional justice |
| Form subdivision | Post-conflict societies |
| -- | Women -- Legal status |
| -- | Women's rights |
| -- | Human rights |
| -- | Gender |
| -- | Nation-building |
| 700 ## - ADDED ENTRY--PERSONAL NAME | |
| Personal name | Lahai, John Idriss |
| 700 ## - ADDED ENTRY--PERSONAL NAME | |
| Personal name | Moyo, Khanyisela |
| 942 ## - ADDED ENTRY ELEMENTS (KOHA) | |
| Source of classification or shelving scheme | Dewey Decimal Classification |
| Koha item type | Books |
| Withdrawn status | Lost status | Damaged status | Not for loan | Home library | Current library | Date acquired | Source of acquisition | Bill Date | Full call number | Accession Number | Price effective from | Koha item type |
|---|---|---|---|---|---|---|---|---|---|---|---|---|
| NASSDOC Library | NASSDOC Library | 25/03/2019 | OP | 2019-03-25 | 320.01 GEN- | 50296 | 25/03/2019 | Books |
